01273nam a2200265 a 450000100100000000500170001000800410002704000250006808200110009311100920010424500790019626000860027530000290036165000410039065000430043165000290047465000420050365000310054570000340057670000450061095201110065595201120076695201120087899900170099000004447920201002045414.0140702s2008 dr a 000 0 spa d aDO-SdBNPbspacBNPHU a791.432 aFestival Internacional de Cine Infantiln(2:d2007 : 7-13 agostocSanto Domingo)97250310aCine infantil /cLuis Rafael Jiménez, Margarita Cedeño de Fernández. aSanto Domingo :bDespacho de la Primera Dama de la República Dominicana,c2008. a[36] p. :bil. ;c29 cm. 4aCine para niños dominicanos972504 4aCuentos infantilesvCOLECCIONES921796 4aCuentos populares915566 4aAnimación (cinematografía)972505 aCuentos fantasticos97250612aJiménez, Luis Rafael97250712aCedeño de Fernández, Margarita91331 0010718PDaPDbPDcHDd2014-07-02iLF1l0o791.43 p44479-10r2020-06-25w2020-06-25yLFPDZNo se presta 00107-18PDaPDbPDcOId2014-07-02iLF1l0o791.43 p44480-10r2020-06-25w2020-06-25yLFPDZNo se presta 00107-18PDaPDbPDcOId2014-07-02iLF1l0o791.43 p44480-20r2020-06-25w2020-06-25yLFPDZNo se presta c43968d43968